Evropská unie a transformační výzvy druhé poloviny 90. let
Proces prepojovania vnútorného transformačného procesu s vývojom európskeho prostredia, v ktorom sa realizujú aj premeny v českej ekonomike. Základné oblasti prejednávaných a pripravovaných reforiem EU (Agenda 2000). Ekonomický a hospodárskopolitický rámec cieľov transformačnej agendy EU do konca r....
Gespeichert in:
| 1. Verfasser: | |
|---|---|
| Format: | Buchkapitel |
| Sprache: | Tschechisch |
| Schlagworte: | |
| Tags: |
Keine Tags, Fügen Sie das erste Tag hinzu!
|
MARC
| LEADER | 00000naa a2200000 4500 | ||
|---|---|---|---|
| 001 | r028131 | ||
| 005 | 20230912090556.1 | ||
| 041 | 0 | |a cze | |
| 044 | |a CZ | ||
| 245 | 1 | 0 | |a Evropská unie a transformační výzvy druhé poloviny 90. let |c Jaroslav Jakš |
| 520 | |a Proces prepojovania vnútorného transformačného procesu s vývojom európskeho prostredia, v ktorom sa realizujú aj premeny v českej ekonomike. Základné oblasti prejednávaných a pripravovaných reforiem EU (Agenda 2000). Ekonomický a hospodárskopolitický rámec cieľov transformačnej agendy EU do konca r. 2000. Úvahy o vlastnej transformácii EU v rámci Agendy 2000. Dynamika adaptácie a jej závislosť na postoji jednotlivých členských štátov EU k ďalšiemu prehlbovaniu integrácie. | ||
| 610 | 2 | 0 | |a Európska únia |
| 610 | 2 | 0 | |a transformácia |
| 610 | 2 | 0 | |a 1996-2000 |
| 610 | 2 | 0 | |a SVE |
| 610 | 2 | 0 | |a mena |
| 610 | 2 | 0 | |a integrácia ekonomická medzinárodná |
| 610 | 2 | 0 | |a zmluvy medzinárodné |
| 100 | 1 | |a Jakš, Jaroslav | |